000 00794nam a2200253Ia 4500
003 OSt
005 20220923225036.0
006 a|||||r|||| 00| 0
007 ta
008 220922b |||||||| |||| 00| 0 hin d
024 _a255,625
037 _cTextual
040 _aARTS
_cARTS
_bhin
041 _2hin
_ahin
082 _aO152,3N248,MU, M7
100 _aशाहीन, रतीलाल
_9156318
245 0 _aमुलाकातें
246 _aMulākātean
260 _aदिल्ली
_b सुनील साहित्य सदन
_c1987
300 _a223पृ.
_ccm.
650 _aहिन्दी साहित्य
_9156264
942 _hO152,3N248,MU, M7
_cTEXL
_2CC
999 _c375608
_d375608